Discovering Philosophy / (Record no. 615372)

000 -LEADER
fixed length control field 00340nam a22001337a 4500
020 ## - INTERNATIONAL STANDARD BOOK NUMBER
Qualifying information HB.
040 ## - CATALOGING SOURCE
Transcribing agency FIZZA ISHAQ
082 ## - DEWEY DECIMAL CLASSIFICATION NUMBER
Classification number 100
Author Mark THO
100 ## - MAIN ENTRY--PERSONAL NAME
Personal name WHITE,THOMAS I.
9 (RLIN) 131958
245 ## - TITLE STATEMENT
Title Discovering Philosophy /
Statement of responsibility, etc. THOMAS I. WHITE.
260 ## - PUBLICATION, DISTRIBUTION, ETC.
Place of publication, distribution, etc. NEW JERSEY:
Name of publisher, distributor, etc. PRENTICE HALL,
Date of publication, distribution, etc. 1991.
300 ## - PHYSICAL DESCRIPTION
Extent 510 P. ; INDEX INC
942 ## - ADDED ENTRY ELEMENTS (KOHA)
Source of classification or shelving scheme
Koha item type Book
Holdings
Withdrawn status Lost status Source of classification or shelving scheme Damaged status Not for loan Permanent Location Current Location Shelving location Date acquired Total Checkouts Full call number Barcode Date last seen Copy number Price effective from Koha item type
          NUST Baluchistan Campus (NBC) NUST Baluchistan Campus (NBC) General Stacks 11/19/2025   100 THO QD-145 11/19/2025 1 11/19/2025 Book
© 2023 Central Library, National University of Sciences and Technology. All Rights Reserved.